书目信息 |
| 题名: |
数学实验教程
|
|
| 作者: | 万福永 , 戴浩晖 编著 | |
| 分册: | ||
| 出版信息: | 北京 科学出版社 2003 |
|
| 页数: | 255页 | |
| 开本: | 24cm | |
| 丛书名: | 国家理科基地教材 数学核心课程系列 | |
| 单 册: | ||
| 中图分类: | O245 | |
| 科图分类: | ||
| 主题词: | 数值软件--实验--高等教育 | |
| 电子资源: | ||
| ISBN: | 7-03-011766-2 | |
| 000 | 01043nam0 2200277 45 | |
| 001 | 002470899 | |
| 005 | 20050401085643.7 | |
| 010 | @a7-03-011766-2@dCNY22.00 | |
| 100 | @a20031010d2003 em y0chiy0110 ea | |
| 101 | 0 | @achi |
| 102 | @aCN@b110000 | |
| 105 | @ay z 000yy | |
| 200 | 1 | @a数学实验教程@Ashu xue shi yan jiao cheng@f万福永,戴浩晖编著@FWan Fu Yong,Dai Hao Hui Bian Zhu |
| 210 | @a北京@c科学出版社@d2003 | |
| 215 | @a255页@d24cm | |
| 225 | @a国家理科基地教材 数学核心课程系列@f柴俊主编 | |
| 300 | @a数学专业50学时课程 教育部“世行贷款21世纪初高等教育教学改革项目”、“面向21世纪高等师范教学改革项目”成果 | |
| 330 | @a本书将数学实验内容与数学软件紧密结合,以其达到理论与实践的统一,全面系统地介绍了几种常用数学软件及其在数学实验中的应用。 | |
| 410 | @12001 @a国家理科基地教材 数学核心课程系列 | |
| 410 | @1700 0@a柴俊@AChai Jun@4主编 | |
| 606 | 0 | @a数值软件@x实验@x高等教育 |
| 690 | @aO245@v4 | |
| 701 | 0 | @a万福永@4编著 |
| 701 | 0 | @a戴浩晖@4编著 |
| 801 | 0 | @aCN@bNLC@c20031216 |
| 905 | @f5@b347516-520@dO245@e15 | |
| 数学实验教程/万福永,戴浩晖编著.-北京:科学出版社,2003 |
| 255页;24cm.-(国家理科基地教材 数学核心课程系列/柴俊主编) |
| 数学专业50学时课程 教育部“世行贷款21世纪初高等教育教学改革项目”、“面向21世纪高等师范教学改革项目”成果 |
| ISBN 7-03-011766-2:CNY22.00 |
| 本书将数学实验内容与数学软件紧密结合,以其达到理论与实践的统一,全面系统地介绍了几种常用数学软件及其在数学实验中的应用。 |
| ● |
| 相关链接 |
|
|
|
|
正题名:数学实验教程
索取号:O245/15
 
预约/预借
| 序号 | 登录号 | 条形码 | 馆藏地/架位号 | 状态 | 备注 |
| 1 | 0347516 | 203475168 | 第二样本阅览室/ [索取号:O245/15] | 在馆 | |
| 2 | 0347517 | 203475177 | 第三借阅区/ [索取号:O245/15] | 在馆 | |
| 3 | 0347518 | 203475186 | 第三借阅区/ [索取号:O245/15] | 在馆 | |
| 4 | 0347519 | 203475195 | 第三借阅区/ [索取号:O245/15] | 在馆 | |
| 5 | 0347520 | 203475202 | 第三借阅区/ [索取号:O245/15] | 在馆 |